Landen die starten met een T - Statistieken

Algemene statistieken
  • Deze quiz is 68 keer genomen
  • De gemiddelde score is 9 van 13
Antwoordstatistieken
Land % Correct
Turkije
89%
Tunesië
85%
Turkmenistan
81%
Tanzania
77%
Togo
72%
Trinidad en Tobago
70%
Tadzjikistan
66%
Thailand
66%
Tonga
64%
Tsjaad
64%
Tuvalu
64%
Taiwan
53%
Tsjechië
49%
Geen overeenkomende quizzen gevonden
Scoreverdeling
Procent van Mensen met Elke Score
Percentiel versus Aantal Correcte Antwoorden
Uw Scoregeschiedenis
U heeft deze quiz nog niet genomen